00241nam a2200085Ia 4500008004100000100001800041245006000059260002800119300000800147201217s9999 xx 000 0 und d aVerma, Pramod 0aManagement of Industrial Relations : Readings and Cases aNew DelhibOxford & IBH a519